Formula 1 Drivers 2022 - Statistics

General Stats
  • This quiz has been taken 1,368 times
  • The average score is 19 of 20
Answer Stats
Team Country Driver % Correct
Mercedes-AMG Petronas F1 Team GBR Lewis Hamilton
100%
Oracle Red Bull Racing NED Max Verstappen
99%
Scuderia Ferrari MON Charles Leclerc
98%
McLaren F1 Team GBR Lando Norris
98%
Scuderia Ferrari ESP Carlos Sainz
97%
Oracle Red Bull Racing MEX Sergio Perez
97%
Mercedes-AMG Petronas F1 Team GBR George Russell
96%
BWT Alpine F1 Team ESP Fernando Alonso
95%
Scuderia AlphaTauri FRA Pierre Gasly
95%
Scuderia AlphaTauri JPN Yuki Tsunoda
95%
McLaren F1 Team AUS Daniel Ricciardo
94%
BWT Alpine F1 Team FRA Esteban Ocon
94%
Aston Martin Aramco Cognizant F1 Team CAN Lance Stroll
94%
Aston Martin Aramco Cognizant F1 Team GER Sebastian Vettel
92%
Williams Racing THA Alexander Albon
91%
Alfa Romeo F1 Team Orlen FIN Valtteri Bottas
91%
Alfa Romeo F1 Team Orlen CHN Guanyu Zhou
86%
Haas F1 Team DEN Kevin Magnussen
85%
Williams Racing CAN Nicholas Latifi
79%
Haas F1 Team GER Mick Schumacher
76%
No matching quizzes found
Score Distribution
Percent of People with Each Score
Percentile by Number Answered
Your Score History
You have not taken this quiz